Statistics for Japan Decoder

Click here to take the quiz!

General Stats

  • This quiz has been taken 90 times
    (48 since last reset)
  • The average score is 17 of 37

Answer Stats

ClueAnswer% Correct
FJapan's tallest and most well-known mountain富士山(Mt. Fuji)
100%
NThe Japanese name for Japan日本(Nippon/Nihon)
86%
OThe Japanese art of paper folding折り紙(Origami)
86%
SA form of wrestling originating in Japan相撲(Sumō)
84%
OJapan's second-largest city大阪市(Ōsaka)
77%
EPrevious name of Tōkyō江戸(Edo)
74%
NVideo game company founded in 1889 as a manufacturer of hanafuda playing cards任天堂(Nintendō)
70%
ATōkyō's "Electric Town", known for electronics and otaku goods秋葉原(Akihabara)
67%
NCapital city of Aichi Prefecture and Japan's third-most-populous urban area名古屋市(Nagoya)
60%
CCamera company which created "The Kwanon," Japan’s first 35 mm focal-plane-shutter cameraキヤノン(Canon)
56%
OSouthernmost prefecture of Japan which comprises 2/3 of the Ryūkyū Islands chain沖縄県(Okinawa)
56%
ORice ball traditionally filled with umeboshi and wrapped with noriお握り(Onigiri)
53%
RA masterless samurai浪人(Rōnin)
51%
DLong-running manga series created by Fujiko F. Fujio about a time-travelling robotic catドラえもん(Doraemon)
47%
NCamera company founded in 1917 as Nippon Kōgaku K.K.ニコン(Nikon)
47%
OA large type of yōkai, often depicted with horns and red or blue skin鬼(Oni)
44%
AFormer Japanese Emperor and current Emperor Emiritus who abdicated on 30 April 2019明仁(Akihito)
42%
EThe Japanese god of fishermen and luck; also the name of a Japanese brand of beer恵比須(Ebisu)
42%
LJapan's third-largest convenience store chain; originally founded in Ohio in 1939ローソン(Lawson)
42%
GDistrict of Tōkyō famous for department stores and luxury boutiques銀座(Ginza)
40%
KThe spirits or phenomena worshipped in Shintō神(Kami)
40%
LToyota's luxury vehicle division and Japan's largest-selling make of premium carsレックス(Lexus)
40%
ASun goddess and purported ancestor of the Japanese Imperial Family天照(Amaterasu)
37%
T"The father of manga" who published Astro Boy and Kimba the White Lion手塚治虫(Tezuka Osamu)
35%
IThe Japanese god of rice and fertility, highly associated with foxes稲荷(Inari)
33%
RTraditional type of Japanese inn which has existed since the 8th century C.E.旅館(Ryokan)
33%
TFamous historic fishmarket in Tōkyō, recently replaced by Toyosu Market築地市場(Tsukiji Market)
33%
HUkiyo-e artist who created The Great Wave off Kanagawa北斎(Hokusai)
30%
GA district of Kyōto famous for geiko祇園(Gion)
28%
TSucceeded Oda Nobunaga and united Japan, bringing an end to the Warring States Period豊臣秀吉(Toyotomi Hideyoshi)
26%
AJapanese doomsday cult responsible for the 1995 Tōkyō subway sarin attackオウム真理教(Aum Shinrikyō)
23%
WThe oldest recorded name of Japan; means "harmony"和(Wa)
21%
EA popular Japanese music genre often utilizing traditional instruments and focusing on sentimental ballads演歌(Enka)
19%
WAesthetics centered on the acceptance of transience and imperfection侘寂(Wabi-sabi)
19%
EAn ancient ethnic group of people who lived in parts of Honshū, often thought to be descended from the Jōmon people蝦夷(Emishi)
9%
EAuthor of the "Boys Detective Club" series of novels who helped create the genre of Japanese mystery fiction江戸川乱歩(Edogawa Ranpo)
7%
A frog in a well does not know the great ocean
5%

Score Distribution

Percentile by Number Answered

Percent of People with Each Score

Your Score History

You have not taken this quiz since the last reset